000 00321nam a22001337a 4500
082 _a425
_bVER/T
100 _aPAUL VARGHESE, C
245 _aTEACHING ENGLISH AS A SECOND LANGUAGE
250 _aSEVENTH
260 _aNEW DELHI
_bSTERLING PUBLISHERS
_c2005
300 _a121
650 _aVOCABULARY
_zNEW DELHI
942 _cBK
999 _c3955
_d3955